Click to Translate: Proto-Germanic - Statistics

General Stats
  • This quiz has been taken 53 times
  • The average score is 12 of 25
Answer Stats
Hint Answer % Correct
star sternǭ
88%
we wīz
84%
egg ajją
76%
mountain bergaz
76%
blood blōþą
76%
give gebaną
68%
smoke raukiz
64%
come kwemaną
60%
sing singwaną
60%
ear ausô
56%
sky himinaz
56%
know knēaną
48%
wing flugilaz
44%
walk ganganą
40%
heavy swēraz
40%
root wrōts
40%
cloud wulkaną
40%
belly būkaz
36%
throw werpaną
24%
big mikilaz
20%
left winistraz
20%
count raþjaną
16%
dry þursuz
16%
old sinīgaz
8%
sharp hwassaz
4%
No matching quizzes found
Score Distribution
Percent of People with Each Score
Percentile by Number Answered
Your Score History
You have not taken this quiz